hollyoaks 2020 - Statistics

General Stats
  • This quiz has been taken 158 times
  • The average score is 20 of 28
Answer Stats
Surname name % Correct
Cunningham Cindy
98%
Cunningham Tom
94%
McQueen Mercedes
91%
Hutchinson Tony
90%
Lomax Peri
87%
Nightingale James
85%
Hutchinson Diane
84%
Black Grace
83%
Nightingale Marnie
81%
McQueen John Paul
79%
Lomax Leela
79%
McQueen Goldie
78%
McQueen Nana
78%
Nightingale Juliet
77%
Nightingale Romeo
77%
Westwood Felix
75%
Kiss George
71%
Deveraux Martine
65%
McQueen Sylver
63%
McQueen Theresa
63%
Hutchinson Dee Dee
61%
Deveraux Mitchell
57%
Deveraux Walter
57%
Hutchinson Verity
55%
Hutchinsn Anthony
54%
Hutchinson Edward
51%
Cunningham Mandy
51%
McQueen Cher
47%
No matching quizzes found
Score Distribution
Percent of People with Each Score
Percentile by Number Answered
Your Score History
You have not taken this quiz